| 000 | 00607nam a2200181 a 4500 | ||
|---|---|---|---|
| 008 | 120416s2002 ||||||||||||||||| || u | ||
| 020 | _a0864865910 | ||
| 050 | _aHC 60 Sog | ||
| 100 | _aSogge, David | ||
| 245 | 1 | 0 | _aGive and take |
| 246 | _awhat's the matter with foreign aid? | ||
| 260 |
_aCape Town _bDavid Philip Publishers _c2002 |
||
| 300 | _axii, 236p. : ill. | ||
| 350 | _a0.00 | ||
| 650 | 0 | _aECONOMICS | |
| 650 | 0 | _aECONOMIC ASSISTANCE | |
| 995 |
_D0.00 _FCBU-MAIN LIBRARY (Kitwe) _H1 _I17.90 _M1 _UAVAILABLE _ZMain Library Open Access Collection |
||
| 999 |
_c44586 _d44586 |
||